|
|
|
|
| LEADER |
01255nam a2200349 a 4500 |
| 001 |
27916 |
| 003 |
BD-DhAAL |
| 005 |
20140319105100.0 |
| 008 |
140319s2012 bg w 000 0 eng d |
| 040 |
|
|
|a BD-DhAAL
|c BD-DhAAL
|
| 041 |
|
|
|a Eng
|
| 082 |
0 |
0 |
|a 348.5492/046
|2 22
|
| 999 |
|
|
|c 14205
|d 14205
|
| 999 |
|
|
|c 14205
|
| 999 |
|
|
|c 0
|
| 999 |
|
|
|c 13653
|
| 130 |
0 |
|
|a Bangladesh Law Chronicles
|9 2245
|
| 245 |
0 |
4 |
|a The Bangladesh law chronicles,
|n volume no. 18 /
|c Nahid Mahtab
|
| 246 |
1 |
7 |
|a Bangladesh Law Chronicles.
|
| 246 |
0 |
|
|a BLC
|
| 260 |
|
|
|a Dhaka :
|b Esrarul Huq Chowdhury,
|c 2013
|
| 300 |
|
|
|a 840 p., :
|c 24 cm.
|
| 362 |
0 |
|
|a volume xviii.
|
| 500 |
|
|
|a "A monthly law journal."
|
| 541 |
|
|
|e 27916
|
| 590 |
|
|
|a Published yearly.
|
| 650 |
|
0 |
|a Law reports, digests, etc.
|z Bangladesh
|9 4018
|
| 700 |
1 |
|
|a Mahtab, Nahid
|9 4019
|
| 852 |
1 |
|
|a Ayesha Abed Library
|j General shelf
|
| 942 |
|
|
|2 ddc
|c 1HOUR
|
| 952 |
|
|
|0 0
|1 0
|2 ddc
|4 0
|6 348_549204600000000_BAN
|7 0
|8 REF
|9 23976
|a BRACUL
|b BRACUL
|c REF
|d 2014-03-19
|l 2
|o 348.5492046 BAN
|p 3010027916
|r 2015-03-31
|s 2015-03-31
|t 2
|w 2014-03-19
|y 1HOUR
|
| 952 |
|
|
|0 0
|1 0
|2 ddc
|4 0
|6 348_549204600000000_BAN
|7 0
|8 REF
|9 23977
|a BRACUL
|b BRACUL
|c REF
|d 2014-03-19
|l 0
|o 348.5492046 BAN
|p 3010027915
|r 2014-03-19
|t 1
|w 2014-03-19
|y 1HOUR
|